000 00411pab a2200145 454500
008 180718b1985 xxu||||| |||| 00| 0 eng d
100 _aSubramanian, K.S.
245 _aViolence against scheduled castes India
_bOverview, problems, prospects
260 _c1985
300 _a109-18
362 _aApr.-June
650 _aScheduled Caste - India
773 _aNational Labour Institute Bulletin
909 _a17939
999 _c17939
_d17939